Four Letter Chain - Statistics

General Stats
  • This quiz has been taken 100 times
  • The average score is 10 of 15
Answer Stats
Hint Answer % Correct
When helping you are giving a ... Hand
100%
Midday Noon
89%
Shrek is this type of creature Ogre
89%
Pigs flesh for food Pork
81%
Obtain money by working Earn
78%
First name of UK singer Bush Kate
72%
Female pantomime part usually played by a man Dame
71%
Hear again, again, again, again Echo
70%
Type of Dutch cheese Edam
67%
Part of a castle Keep
54%
First name of actor Rylance Mark
49%
Slang for food Nosh
49%
type of fruit Plum
43%
Slope to drive up and down Ramp
42%
Dart, Marston, North Yorkshire Moor
39%
No matching quizzes found
Score Distribution
Percent of People with Each Score
Percentile by Number Answered
Your Score History
You have not taken this quiz